| 000 | 00493nam a2200205Ia 4500 | ||
|---|---|---|---|
| 003 | OSt | ||
| 005 | 20260121093303.0 | ||
| 008 | 210210b2019 xxu||||| |||| 00| 0 eng d | ||
| 020 | _a9780670092796 | ||
| 040 | _cal | ||
| 041 | _aeng | ||
| 082 | _a820.33 RUSQ | ||
| 100 |
_aSalman Rushdie _9252000 |
||
| 245 | _aQuichotte | ||
| 260 |
_aHaryana _bPenguin Books India (P) Ltd _c2019 |
||
| 300 | _axii,390 | ||
| 690 |
_aIndian English Fiction _9252001 |
||
| 906 | _a073583 | ||
| 942 |
_2ddc _cBK |
||
| 999 |
_c123361 _d123361 |
||